| 000 | 00612nam 22002053 4500 | ||
|---|---|---|---|
| 001 | 199462 | ||
| 010 | _a978-989-787-554-0 | ||
| 021 | _b529418/24 | ||
| 090 | _a199462 | ||
| 100 | _a20251209d u||y0pory50 ba | ||
| 200 |
_aEu canto e a montanha dança _fIrene Solà _gtradução do catalão Rita Custódio e Àlex Tarradellas |
||
| 205 | _a1ª | ||
| 210 |
_aLisboa _cCavalo de Ferro _d2024 |
||
| 215 |
_a183 p. _cbrochado _d22 cm |
||
| 606 |
_98 _aLiteratura Espanhola |
||
| 675 |
_a821.134.2-3 _vPT _zpor |
||
| 700 |
_915314 _aSolà _bIrene _f1990- |
||
| 801 |
_aPT _bBMMN _gRPC |
||
| 830 |
_cFernando _fFernando |
||
| 990 | _cLIVROS | ||